| 000 | 00966nac a22003017a 4500 | ||
|---|---|---|---|
| 001 | BR0100714 | ||
| 003 | BR-BrBNA | ||
| 005 | 20240105122513.0 | ||
| 008 | 230509b bl.|||m| |||| 00| 0 por d | ||
| 040 |
_aBR-BrBNA _bpor _cBiblioteca Nacional de Agricultura |
||
| 072 | _aM11 | ||
| 090 | _aM11 BR0100714 | ||
| 100 | 1 | _aCatella, A.C. | |
| 100 | 1 | _aAlbuquerque, F.F. de | |
| 110 | 1 |
_aEMBRAPA Pantanal, Corumba, MS (Brasil) _93692 |
|
| 245 | 1 | _aSistema de controle da pesca do Mato Grosso do Sul SCPESCA/MS-4 1997 | |
| 260 | 3 |
_aCorumba, MS (Brasil): _c2000. |
|
| 300 | _a52 p. | ||
| 490 |
_aBoletim de Pesquisa - EMBRAPA Pantanal (Brazil) _vno. 20 _xISSN 1517-1981 |
||
| 500 | _aSummaries (En, Pt); 9 illus.; 23 ref. | ||
| 650 | _aProducao Pesqueira | ||
| 650 | _aEconomia Agricola | ||
| 650 | _aManejo | ||
| 650 | _aEstatistica Pesqueira | ||
| 650 | _aMato Grosso do Sul | ||
| 909 |
_a202312 _bLúcia Elande _c55 _dLúcia Elande |
||
| 942 |
_2AGRIS _n0 _cMS |
||
| 999 |
_c291378 _d291378 |
||